[Event "CHN-ch Rapid Open 2018"]
[Site "Shenzhen"]
[Date "2018.06.06"]
[Round "4"]
[White "Wang, Hao"]
[Black "Zhao, Jun"]
[Result "1-0"]
[WhiteElo "2710"]
[BlackElo "2611"]
[Annotator "TA"]
[PlyCount "99"]
[EventDate "2018.??.??"]
[EventType "rapid"]
[EventCountry "CHN"]
[SourceTitle "playchess.com"]
[Source "ChessBase"]
[SourceQuality "1"]

{[%evp 17,99,18,14,-4,43,20,37,47,33,-39,36,46,42,49,72,0,77,0,0,0,-20,0,-11,-49,-60,-165,-7,-6,-24,-14,25,-104,-108,-104,-101,-107,-111,-141,-58,-62,-56,-60,-54,-65,-53,-275,-270,-274,-74,-58,-56,-71,-60,-66,-58,-68,-70,-165,-155,-171,-172,-171,-155,-204,-106,-194,-199,-243,-199,-191,-197,-308,-334,-412,-385,-355,-116,-207,0,0,0,0,29989,29990]} 1. e4 c5 2. Nf3 d6 3. d4 cxd4 4. Nxd4 Nf6 5. Nc3 a6 6. Be3 e5 7. Nb3 Be7 8. f3 {[%cal Bf2f3,Bf3f4,Bf4f5][%mdl 32]} h5 9. Qd2 Be6 {LiveBook: 425 Games} 10. f4 $146 {B90: Sicilian Najdorf: Unusual White 6th moves, 6 Be3 Ng4 and 6 Be3 e5} ({Predecessor:} 10. Be2 Nbd7 11. Nd5 Bxd5 12. exd5 h4 13. c4 Nh5 14. O-O-O a5 15. Kb1 a4 16. Na1 a3 17. b4 O-O 18. Nb3 {1-0 (37) Ponomariov,R (2694)-Andriasian,Z (2585) Katowice 2017}) 10... Qc7 11. f5 Bc4 12. Bg5 {White is slightly better.} Nbd7 13. O-O-O (13. Bxc4 $14 Qxc4 14. Qd3 Qxd3 15. cxd3) 13... Rc8 (13... b5 $1 $15) 14. Bxc4 $14 Qxc4 15. Kb1 h4 16. Qe1 (16. a3 $16) 16... Rh5 (16... b5 $11) 17. Bxh4 (17. Nd2 $16 Qb4 18. a3) 17... Nxe4 $1 $11 18. Nxe4 Rxh4 19. Nc3 Rf4 20. Nd2 Qc6 $1 21. Nde4 ({White should try} 21. Qe2 $15) 21... Nf6 $2 ({Worse is} 21... Rxf5 22. Nd5 $14) (21... Nb6 $1 $19 22. f6 gxf6) 22. Nxf6+ Bxf6 23. Rd2 Rxf5 24. Nd5 (24. h4 $11 {keeps the balance.}) 24... Bg5 $36 {[%mdl 2048] Black is on the roll.} 25. Ne3 Rf6 {Threatens to win with ...Qe4.} 26. h4 Bh6 27. Ng4 Bxd2 (27... Rg6 $17 28. Nxh6 Rxg2) 28. Nxf6+ $15 gxf6 29. Qxd2 $17 {[%mdl 4096] Endgame KQR-KQR} Ke7 30. h5 Rg8 31. h6 $2 (31. Rh2 $15) 31... Rxg2 $19 32. Qd1 {[#]} Rg8 $2 (32... Rd2 $1 $19 {[%cal Rd2d1][%mdl 512]} 33. Qc1 (33. Qxd2 Qxh1+) 33... Rxc2 $1 {[%mdl 512]}) 33. h7 $17 Rh8 34. Rh4 Qg2 $1 {...f5 is the strong threat.} 35. a3 $1 f5 {[%cal Bf6f5,Bf5f4,Bf4f3][%mdl 32] And now ...f4 would win.} 36. Rh6 f6 37. Qd3 (37. Rh1 $1 $15) 37... Qg1+ $19 38. Ka2 Qg7 39. Qh3 f4 40. Rh4 {[#]} Qf7+ (40... f5 $1 $19 41. b3 (41. Qxf5 Qf7+) 41... Qg3) 41. b3 {[#]} (41. Kb1 $17) 41... Qg6 $1 {[%cal Rg6c2]} 42. Kb2 Qg3 43. Qh1 f3 44. Rc4 (44. Rb4 $142) 44... Ke6 45. Rc7 e4 {White must now prevent ...f2.} 46. Ka2 {intending Qh5.} e3 $2 (46... d5 $19 47. Rxb7 f2 48. Rb6+ Kf5 49. Qh5+ Qg5) 47. Qh5 $17 {[#] aiming for Qf7+.} e2 $2 ({Black should play} 47... f2 $1 $19 {[%cal Rf2f1]} 48. Qf7+ Kf5 49. Qd7+ Kf4 50. Qxd6+ Kf3 51. Qxf6+ Ke2 52. Rxb7 Qf3 53. Qxh8 Qxb7) 48. Qf7+ $11 Kf5 $1 ({Don't go for} 48... Ke5 $2 49. Re7+ Kf5 50. Qe6+ Kg5 51. Rg7+ Kh4 52. Qxf6+ Kh3 53. Rxg3+ $18) 49. Qd5+ Kg6 $2 {[%mdl 8192]} (49... Qe5 $11 50. Qxf3+ Kg6 51. Qg4+ Kh6 52. Qg7+ Kh5) 50. Qg8+ $1 {Precision: White = 36%, Black = 32%.} 1-0

[Event "CHN-ch Rapid Open 2018"]
[Site "Shenzhen"]
[Date "2018.06.06"]
[Round "4"]
[White "Lu, Shanglei"]
[Black "Yu, Yangyi"]
[Result "1-0"]
[WhiteElo "2630"]
[BlackElo "2759"]
[Annotator "TA"]
[PlyCount "57"]
[EventDate "2018.??.??"]
[EventType "rapid"]
[EventCountry "CHN"]
[SourceTitle "playchess.com"]
[Source "ChessBase"]
[SourceQuality "1"]

{[%evp 19,57,20,17,2,9,12,10,8,16,19,46,56,135,116,170,172,185,174,163,50,181,179,170,154,152,129,569,565,661,657,649,647,1356,1312,1269,1189,1414,1415,5647,5400]} 1. e4 e5 2. Nf3 Nc6 3. Bb5 g6 4. c3 a6 5. Ba4 d6 6. d4 Bd7 7. dxe5 dxe5 8. O-O Bg7 9. Be3 Nf6 10. Nbd2 O-O 11. Re1 {C76: Ruy Lopez: Deferred Steinitz: 5 c3 Bd7 6 d4 g6} Qe7 12. h3 h6 13. b4 {[%cal Bb2b4,Bb4b5][%mdl 32] Black must now prevent Bc5.The position is equal.} b6 14. Bb3 {[#]} Kh7 $146 ({Predecessor:} 14... Rfd8 15. Qc2 Be6 16. a4 Nh5 17. Bxe6 {½-½ (17) Huzman,A (2475)-Malaniuk,V (2560) Kherson 1989}) 15. a4 a5 (15... Rfd8 $14) 16. b5 $16 Nd8 {[#]} (16... Na7 $16) 17. Nc4 $1 $18 Be6 18. Ncxe5 Nxe4 {Hoping for ...Bxe5.} 19. Bd4 (19. Bc2 $18 Nd6 20. Qd2) 19... Ng5 ({Black should try} 19... Bxb3 $1 $14 20. Qxb3 f5) 20. Bc2 Rc8 21. Nxg5+ Qxg5 22. Qf3 Qf6 $2 {[%mdl 8192]} (22... Re8 $16 23. Re3 Kg8) 23. Nxg6 $1 {White is clearly winning.} Qxf3 24. Nxf8+ Kg8 25. Nxe6 {[%cal Bf8e6,Be6g7,Bg7f5][%mdl 32]} Qa8 26. Nxg7 {[%cal Re1e8] [#]} Nb7 27. Nf5 {Re3 is the strong threat.} Re8 28. Be4 Qc8 29. Bxb7 {Precision: White = 65%, Black = 22%.} 1-0

[Event "CHN-ch Rapid Open 2018"]
[Site "Shenzhen"]
[Date "2018.06.06"]
[Round "4"]
[White "Zhou, Jianchao"]
[Black "Gao, Rui"]
[Result "1/2-1/2"]
[WhiteElo "2615"]
[BlackElo "2561"]
[Annotator "TA"]
[PlyCount "141"]
[EventDate "2018.??.??"]
[EventType "rapid"]
[EventCountry "CHN"]
[SourceTitle "playchess.com"]
[Source "ChessBase"]
[SourceQuality "1"]

{[%evp 20,141,0,0,0,0,0,0,0,-10,14,5,14,19,24,24,5,20,9,15,39,40,36,36,67,44,46,50,397,11,12,0,19,0,43,42,39,40,40,40,53,44,43,52,49,29,40,40,29,35,30,29,64,62,65,43,74,32,40,32,77,83,107,18,17,11,22,0,0,6,37,10,6,6,12,6,90,92,91,90,89,0,91,85,87,88,87,0,0,0,8,0,0,0,0,0,0,0,0,0,0,0,6,0,0,0,0,0,0,0,0,0,0,0,0,0,0,0,0,0,0,0,0,0]} 1. Nf3 d5 2. c4 d4 3. g3 Nc6 4. Bg2 e5 5. d3 Nf6 6. O-O Bd6 7. e3 {A09: Reti-Eröffnung} O-O 8. exd4 Nxd4 (8... exd4 9. Bg5 h6 10. Bxf6 Qxf6 11. Nbd2 Bf5 12. Qb3 Rab8 13. Nh4 Bh7 14. Ne4 Qd8 {1-0 (37) Petrosian,T (2611)-Carlsen,M (2851) chess.com INT 2016}) 9. Nxd4 exd4 10. Bg5 h6 11. Bxf6 {LiveBook: 8 Partien} Qxf6 12. Nd2 c6 13. Ne4 Qe7 $146 ({Vorgänger:} 13... Qg6 14. Qb3 Bc7 {½-½ (43) Havumaki,A (2416)-Miettinen,K (2443) ICCF email 2016}) 14. Re1 Be6 15. a3 a5 16. Qh5 Qd7 17. Nc5 Bxc5 $1 18. Qxc5 Rfd8 19. Re5 Qc7 {Droht stark ...b6.} 20. Rae1 Rd6 {Droht ...b6 und aus.} 21. R5e2 Rad8 22. Qh5 c5 23. Bh3 {[%cal Rh3e6]} Bxh3 $2 {[%mdl 8192] [#]} ({Lieber} 23... Qb6 $14) 24. Qxh3 $2 (24. Re7 $1 $18 {jetzt Dxf7+ und aus.} g6 25. Qf3 (25. Rxc7 $2 {verliert.} gxh5 26. Rxc5 Re6 $19) (25. Qxh3 R6d7 $16) 25... Qxe7 26. Rxe7) 24... Qc6 $11 25. Re5 Rf6 26. Qg2 Kf8 27. Qxc6 Rxc6 $14 {[%mdl 4096] Endspiel KTT-KTT} 28. b4 axb4 29. axb4 cxb4 30. Rb5 b6 31. Rxb4 Ra8 32. Reb1 Ke7 33. Kf1 Ra3 34. R4b3 Ra6 35. Rb5 Ra3 36. R1b3 Ra1+ 37. Kg2 Rd6 38. Rb1 Ra3 39. R5b3 Ra2 40. R1b2 Ra1 41. Re2+ ({Bitte nicht} 41. Rxb6 $6 Rxb6 42. Rxb6 Ra3 $11) (41. Kf3 $16) 41... Kd7 $11 42. h4 h5 43. Re4 Rc1 44. Rf4 f6 45. Rf5 g6 46. Rfb5 Kc7 47. Kf3 Re1 (47... Re6 $11) 48. Rb1 $16 Re8 49. Ra1 Kc6 50. Rab1 Kc7 {[#]} 51. c5 $1 {[%cal Rc5d6]} bxc5 52. Rxc5+ Rc6 53. Rbc1 (53. Rd5 $16) 53... Rxc5 $11 {Die Stellung ist ausgeglichen.} 54. Rxc5+ {KT-KT} Kd6 55. Rc4 Kd5 56. Rc7 Ke5 57. Rg7 Kf5 58. Rd7 Ke5 59. g4 hxg4+ 60. Kxg4 Rh8 61. f4+ Ke6 62. Rxd4 f5+ 63. Kg3 Ra8 64. Rb4 Ra3 65. Rb6+ Kd5 66. Rxg6 Rxd3+ 67. Kf2 Ke4 68. Ra6 Kxf4 69. Ra4+ Ke5 70. Ke2 Rh3 71. Kf2 {Precision: Weiß = 62%, Schwarz = 58%.} 1/2-1/2

[Event "CHN-ch Rapid Open 2018"]
[Site "Shenzhen"]
[Date "2018.06.06"]
[Round "4"]
[White "Xu, Xiangyu"]
[Black "Wen, Yang"]
[Result "1-0"]
[WhiteElo "2581"]
[BlackElo "2596"]
[Annotator "TA"]
[PlyCount "41"]
[EventDate "2018.??.??"]
[EventType "rapid"]
[EventCountry "CHN"]
[SourceTitle "playchess.com"]
[Source "ChessBase"]
[SourceQuality "1"]

{[%evp 9,41,37,62,30,54,0,0,0,0,0,59,22,13,-31,14,-39,216,201,139,0,323,323,326,279,689,627,651,632,992,670,29992,29993,29994,1462]} 1. d4 g6 2. e4 Bg7 3. Nc3 c6 4. Be3 d5 5. e5 Qb6 {LiveBook: 7 Games} 6. a3 $146 {B15: Caro-Kann: 3 Nc3: 3...g6 and 3...dxe4 4 Nxe4 Nf6 5 Nxf6+ exf6} (6. Na4 $5 {[%cal Ra4b6]} Qa5+ 7. c3 $14) ({Predecessor:} 6. Rb1 Nh6 7. f4 f6 8. Qd2 Ng4 9. Nf3 Nxe3 10. Qxe3 O-O 11. Bd3 Bg4 12. O-O Bxf3 13. Rxf3 fxe5 14. fxe5 {0-1 (22) Das,S (2396)-Rahman,Z (2526) Bhubaneswar 2017}) 6... Nh6 {[%cal Bg8h6,Bh6f5,Bf5e3][%mdl 32]} 7. Bd3 (7. Qd2 $14 Nf5 8. Na4) 7... Nf5 8. Nf3 {The position is equal.} Nxe3 (8... Qxb2 $2 9. Na4 $18) 9. fxe3 {[%cal Bf2e3,Be3e4][%mdl 32]} Bh6 (9... O-O $11) 10. e4 Bg4 11. exd5 O-O {aiming for ...Bxf3.} 12. O-O (12. Na4 $11 Qa5+ 13. c3) 12... Qxb2 $2 {[%mdl 8192]} (12... Bxf3 $1 $15 {keeps the upper hand.} 13. Qxf3 Qxd4+ 14. Kh1 cxd5) 13. Qe1 $18 {[#] And now Na4 would win.} Bxf3 14. Rxf3 ({White must play} 14. Rb1 $16 Qxa3 15. Rxf3) 14... Qb6 $2 {[%mdl 8192]} (14... Bd2 $1 $11 15. Qxd2 Qxa1+ 16. Bf1 f5) 15. Qh4 $1 {[%csl LRe7,LRh6]} Bg7 {Threatening ...Bxe5.} 16. Kh1 Qb2 $2 (16... Nd7 17. Rb1 Qa5 18. dxc6 (18. Qxe7 Nxe5 19. dxe5 Qxc3 $16) 18... bxc6) 17. Rb1 Qxa3 18. Ne4 ({Weaker is} 18. dxc6 Nxc6 19. Nd5 Qa2 $14) 18... h6 19. d6 e6 20. Nf6+ Kh8 21. Rbf1 {Precision: White = 41%, Black = 21%.} (21. Rh3 $142 b6 {[#]} 22. Qxh6+ $1 {[%mdl 512]} Bxh6 23. Rxh6+ Kg7 24. Rh7#) 1-0

[Event "CHN-ch Rapid Open 2018"]
[Site "Shenzhen"]
[Date "2018.06.06"]
[Round "4"]
[White "Xu, Yinglun"]
[Black "Dai, Changren"]
[Result "1/2-1/2"]
[WhiteElo "2536"]
[BlackElo "2430"]
[Annotator "TA"]
[PlyCount "82"]
[EventDate "2018.??.??"]
[EventType "rapid"]
[EventCountry "CHN"]
[SourceTitle "playchess.com"]
[Source "ChessBase"]
[SourceQuality "1"]

{[%evp 16,82,12,8,10,21,18,18,13,0,0,0,64,-2,6,-5,0,0,-6,-17,0,-8,-9,-10,-15,-20,-11,-19,-8,-14,0,-33,-36,-30,-28,-42,0,-9,0,0,0,1,2,-6,11,7,0,0,0,0,11,11,12,7,15,0,0,0,0,0,0,0,0,0,0,0,0,0,0]} 1. Nf3 Nf6 2. b3 g6 3. Bb2 Bg7 4. g3 d6 5. Bg2 e5 6. O-O O-O 7. c4 Re8 8. Nc3 Nc6 9. d3 {LiveBook: 25 Games} Bg4 {A15: English Opening: 1...Nf6} (9... h6 10. Rc1 Be6 11. d4 e4 12. d5 exf3 13. exf3 Bf5 14. dxc6 bxc6 15. c5 d5 16. Ne2 h5 17. h4 {1-0 (68) Grischuk,A (2779)-Mamedov,R (2637) Khanty-Mansiysk 2013}) 10. h3 Bf5 11. e4 Bd7 12. Nd5 $146 ({Predecessor:} 12. Qd2 a6 13. a3 b5 14. Rfe1 bxc4 15. bxc4 Na5 16. Rab1 Nb3 17. Qc2 {0-1 (59) Diaz Cordoba,F (2225)-Escobar Forero,A (2385) Cali 1999}) 12... Qc8 13. Kh2 Nd8 (13... a5 $11) 14. b4 (14. d4 $14) 14... Ne6 15. Qc2 c6 16. Nxf6+ Bxf6 17. c5 Qc7 18. cxd6 Qxd6 19. Bc3 c5 20. Qb2 {[%cal Rc3e5]} Nd4 21. bxc5 Nxf3+ 22. Bxf3 Qxd3 23. Rad1 (23. Rfd1 $5 {[%cal Rd1d3]} Qxf3 24. Rxd7 $11) 23... Qb5 24. Be2 Qxb2 25. Bxb2 Bc6 26. f3 {The position is equal.} Rad8 27. Bc4 Be7 28. Bxe5 Bxc5 {[#] Threatens to win with ...Rxd1.} 29. Bf6 (29. Rxd8 {is interesting.} Rxd8 30. Bf4 b5 31. Bxf7+ Kxf7 32. Rc1) 29... Be7 (29... Rc8 {keeps more tension.} 30. h4 Ba4 31. Bb3 Bxb3 32. axb3 Be7) 30. Bxe7 Rxd1 31. Rxd1 Rxe7 $11 {[%mdl 4096] Endgame KRB-KRB} 32. g4 g5 33. h4 h6 34. Kg3 Kg7 35. Rd6 Re5 36. hxg5 hxg5 37. Bd5 Bxd5 38. exd5 Re2 39. Rd7 Rxa2 40. Rxb7 Rd2 41. Rxa7 Rxd5 {Precision: White = 44%, Black = 58%.} 1/2-1/2

[Event "CHN-ch Rapid Open 2018"]
[Site "Shenzhen"]
[Date "2018.06.06"]
[Round "4"]
[White "Fang, Yuxiang"]
[Black "Peng, Xiongjian"]
[Result "1-0"]
[WhiteElo "2499"]
[BlackElo "2427"]
[Annotator "TA"]
[PlyCount "31"]
[EventDate "2018.??.??"]
[EventType "rapid"]
[EventCountry "CHN"]
[SourceTitle "playchess.com"]
[Source "ChessBase"]
[SourceQuality "1"]

{[%evp 21,30,78,79,61,73,47,50,41,76,80,29999]} 1. Nf3 Nf6 2. c4 b6 3. g3 Bb7 4. Bg2 c5 5. O-O e6 6. Nc3 Nc6 7. e4 d6 8. d4 cxd4 9. Nxd4 Nxd4 10. Qxd4 Be7 11. b3 O-O 12. Bb2 {A30: Symmetrical English: Double Fianchetto and Hedgehog} Qb8 (12... a6 13. Rfd1 Qc7 14. Rac1 Rab8 15. h3 Rfd8 16. Kh2 Bf8 17. f4 Rbc8 18. Rd2 e5 19. Qf2 exf4 20. gxf4 {½-½ (46) Gupta,A (2610)-Kunte,A (2499) chess.com INT 2018}) 13. Rfe1 Rd8 14. Rad1 {[#]} Bc6 $146 ({Predecessor:} 14... Ne8 15. Qe3 Bf6 16. Re2 Qc8 17. Red2 Bc6 18. f4 Qb7 19. g4 a6 {1-0 (38) Pribyl,J (2383)-Cicak,S (2506) Pribram 2000}) 15. Nd5 Nxd5 $2 {[%mdl 8192] [#]} (15... Bxd5 $16 16. exd5 e5) 16. Qxg7# ({Not} 16. cxd5 Bf6 $16) 1-0

[Event "CHN-ch Rapid Open 2018"]
[Site "Shenzhen"]
[Date "2018.06.06"]
[Round "4"]
[White "Wan, Yunguo"]
[Black "Liu, Yan"]
[Result "1-0"]
[WhiteElo "2499"]
[BlackElo "2505"]
[Annotator "TA"]
[PlyCount "88"]
[EventDate "2018.??.??"]
[EventType "rapid"]
[EventCountry "CHN"]
[SourceTitle "playchess.com"]
[Source "ChessBase"]
[SourceQuality "1"]

{[%evp 25,88,18,22,18,24,17,53,64,60,70,56,77,66,58,64,60,47,52,85,25,33,33,10,0,0,0,77,74,102,3,50,0,0,13,67,37,33,45,41,50,43,29,68,57,52,52,101,115,116,115,286,293,293,293,2525,868,29985,29986,29986,29987,29987,29988,29988,29989,29997]} 1. e4 c5 2. Nf3 d6 3. d4 cxd4 4. Nxd4 Nf6 5. Nc3 a6 6. Bg5 e6 7. f4 h6 8. Bh4 Qb6 9. a3 Be7 {B96: Sicilian Najdorf: 6 Bg5 e6 7 f4, lines other than 7...Qb6 and 7...Be7} 10. Bf2 Qc7 11. Qf3 (11. Bd3 e5 12. Nde2 b5 13. Qd2 Nbd7 14. O-O-O Rb8 15. h3 b4 16. axb4 Rxb4 17. g4 {0-1 (57) Najer,E (2693)-Wojtaszek,R (2741) Czech Republic 2018}) 11... Nbd7 12. O-O-O b5 13. g4 g5 {LiveBook: 14 Games} 14. h4 (14. f5 Ne5 15. Qe2 Nfxg4 16. Bg3 h5 17. h3 {1-0 (85) Wan,Y (2486)-Liu,Y (2479) Shenzhen 2017}) 14... gxf4 15. Be2 Bb7 16. g5 Ne5 $1 {[%cal Re5f3]} 17. Qxf4 hxg5 $146 18. hxg5 Rxh1 19. Rxh1 Ng6 20. Qe3 {Black must now prevent Nxe6.} Nd7 21. Kb1 Nde5 22. Rh3 (22. Rh7 $16) 22... Nc4 $11 23. Bxc4 Qxc4 24. Rh7 Qf1+ 25. Ka2 Qg2 (25... Rc8 $1 $11) 26. Bg3 $16 {Hoping for Qe1.} Rc8 27. Rh2 (27. Nde2 $1 $16) 27... Qf1 (27... Rxc3 $5 28. Qxc3 (28. Rxg2 $2 {is the wrong capture.} Rxe3 29. Bf2 Rxe4 $19) 28... Qxe4 $14) 28. Rf2 Qc4+ 29. Nb3 Qc7 ({Black should play} 29... e5 $11) 30. Kb1 Bf8 31. Qd4 Qd8 32. Rf1 Rc4 33. Qa7 Qc7 {[#]} 34. Na5 $1 {[%mdl 512]} Bc8 (34... Qxa5 35. Qxb7) 35. Qf2 $36 {[%mdl 2048] White has some pressure.} Rc5 {[#]} 36. e5 $1 {[%cal Re5d6,Be4e5,Be5e6,Be6f7][%mdl 32]} d5 37. Nb3 Rc4 $2 {[#]} (37... Rxc3 $16 {was necessary.} 38. bxc3 Bxa3) 38. Nxd5 $1 $18 {[%mdl 512]} exd5 {[#]} 39. e6 $1 {[%cal Re6f7][%mdl 512]} Qb7 $2 (39... Nf4 40. Bxf4 Rxf4 41. Qxf4 Qxf4 42. Rxf4 Bxe6) (39... Bxe6 40. Bxc7) 40. Na5 (40. exf7+ $142 Kd8 41. Na5) 40... Qe7 41. exf7+ {White mates.} Kd7 42. Qa7+ Kd8 43. Qb6+ Kd7 44. Nxc4 Qxg5 {Precision: White = 55%, Black = 41%.} 1-0

[Event "CHN-ch Rapid Open 2018"]
[Site "Shenzhen"]
[Date "2018.06.06"]
[Round "4"]
[White "Ye, Rongguang"]
[Black "Ma, Zhonghan"]
[Result "1-0"]
[WhiteElo "2461"]
[BlackElo "2489"]
[Annotator "TA"]
[PlyCount "103"]
[EventDate "2018.??.??"]
[EventType "rapid"]
[EventCountry "CHN"]
[SourceTitle "playchess.com"]
[Source "ChessBase"]
[SourceQuality "1"]

{[%evp 14,103,40,25,43,41,44,37,53,36,15,17,43,40,50,48,102,105,126,135,117,131,120,83,83,85,95,42,66,68,71,72,75,87,93,77,57,40,105,80,71,78,95,98,112,105,95,83,108,88,212,113,124,95,143,139,163,141,164,137,169,141,129,0,91,91,116,36,64,64,235,166,233,208,29990,113,574,579,452,368,349,181,285,290,277,285,608,271,593,582,534,519]} 1. c4 e5 2. Nc3 Bb4 3. Qc2 Nf6 4. Nf3 Nc6 5. e3 O-O 6. Nd5 Re8 7. Qf5 Be7 {A28: English Opening: Four Knights Variation} (7... d6 8. Nxf6+ gxf6 9. Qh5 d5 10. cxd5 Qxd5 11. a3 Bf8 12. Be2 Be6 13. d3 Na5 14. Bd2 Nb3 15. Rd1 Nxd2 16. Rxd2 Rad8 17. Qh4 Bg7 {½-½ (35) Nepomniachtchi,I (2751)-Karjakin,S (2783) chess.com INT 2017}) 8. Nxe5 {LiveBook: 4 Games} Nxe5 9. Qxe5 Nxd5 {White is slightly better.} 10. Qxd5 c6 11. Qd3 $146 ({Predecessor:} 11. Qf3 Bf6 12. Be2 d5 13. cxd5 cxd5 14. d4 Re4 15. h3 {1-0 (48) Zaragatski,I (2486)-Jurcik,M (2350) Teplice 2013}) 11... d5 12. Be2 Bf6 13. Qc2 d4 14. O-O Qa5 {[#]} (14... Qe7 $14) 15. e4 $1 $16 d3 16. Qxd3 (16. Bxd3 $6 Qh5 $11) 16... Qe5 17. Bf3 b5 18. Qc2 bxc4 19. Qxc4 Be6 20. Qc2 (20. Qxc6 $16 Qa5 21. Qc2) 20... c5 21. d3 Rac8 22. Be2 Qd4 23. Be3 Qxb2 24. Qxb2 Bxb2 25. Rab1 Bd4 (25... Rb8 $1 $14) 26. Bxd4 cxd4 27. Rb2 $36 {[%mdl 2048] White is on the roll.} Rc3 28. f4 {[%cal Bf2f4,Bf4f5][%mdl 32]} f6 29. f5 Bf7 30. Kf2 Ra3 31. Rc1 Ra8 (31... a5 $16) 32. Rcc2 ({White should play} 32. Rb7 $18) 32... a5 33. g4 {[%cal Bg2g4,Bg4h5][%mdl 32]} h5 34. gxh5 Kh8 35. Ke1 Rf8 36. Kd2 Kh7 37. Kc1 Kh6 38. Kd2 (38. Rb6 $16) 38... Bxh5 (38... Kh7 $11) 39. Bxh5 Kxh5 $11 {[%mdl 4096] Endgame [#] KRR-KRR} 40. Rc7 (40. Rb3 $1 $16 {[%cal Rb3a3]} Rxb3 41. axb3) 40... Kh6 41. Rd7 Ra4 $2 ({Black should try} 41... Kg5 $1 $14) 42. Rc2 Rb8 (42... g6 $142) 43. Ke2 $18 Rbb4 $2 (43... Rb1 $18 44. Kf3 Ra3) 44. e5 $2 (44. Rc8 {mates} Ra3 45. Kf3 (45. Rh8+ Kg5 $18) 45... Rxd3+ 46. Kg4 Rb8 47. Rxb8 Kh7 48. Rdd8 Rg3+ 49. hxg3 g6 50. Rd7+ Kh6 51. Rh8#) 44... fxe5 $2 {[%mdl 8192]} (44... Rb5 $16 {is tougher.}) 45. Kf3 {Intending Rc6+ and mate.} Rb6 46. Ke4 Ra3 47. Rd5 ({Not} 47. Kxe5 Rxd3 48. Rcc7 (48. Rxd4 Rb5+ 49. Ke4 Rxd4+ 50. Kxd4 Rxf5 $11) 48... Rb5+ 49. Kf4 Rd1 $16) (47. Re7 $142 Rf6 48. Rc8 (48. Rxe5 g6 $18)) 47... Rc3 (47... g6 $142 48. Rd2 (48. Kxe5 Rxd3 49. fxg6 Rxg6 $16) (48. Rxe5 gxf5+ 49. Rxf5 Re6+ 50. Kxd4 Rd6+ 51. Ke5 Rdxd3 $16) 48... gxf5+ 49. Kxf5 Ra4 50. Kxe5 Rg6) 48. Rg2 a4 49. Rxe5 {And now Re6+ would win.} Rcc6 $2 (49... Rb1 50. Kxd4 Rc7) 50. Ra5 (50. Re7 $142) 50... Rb4 $2 (50... Rc7 51. Rxa4 Kh7 52. Rxd4 Re7+ 53. Kf4 Rb1) 51. Ra8 {[%cal Ra8h8]} Kh7 52. Ra7 {Precision: White = 44%, Black = 25%.} 1-0

[Event "CHN-ch Rapid Open 2018"]
[Site "Shenzhen"]
[Date "2018.06.06"]
[Round "4"]
[White "Li, Di"]
[Black "Xu, Yi"]
[Result "0-1"]
[WhiteElo "2450"]
[BlackElo "2534"]
[Annotator "TA"]
[PlyCount "80"]
[EventDate "2018.??.??"]
[EventType "rapid"]
[EventCountry "CHN"]
[SourceTitle "playchess.com"]
[Source "ChessBase"]
[SourceQuality "1"]

{[%evp 17,80,-10,-12,-20,-21,-19,0,0,0,-13,12,-43,-30,-46,-31,-39,2,-126,-126,-125,-99,-129,-99,-165,-164,-172,-146,-165,-154,-203,-187,-204,-185,-187,-187,-197,-208,-208,-210,-271,-256,-229,-213,-225,-202,-466,-431,-440,-436,-566,-552,-861,-849,-827,-810,-968,-889,-29973,-1910,-29988,-29989,-29989,-29990,-29991,-29992]} 1. d4 Nf6 2. Nf3 d5 3. c3 e6 4. Bg5 Nbd7 5. Nbd2 h6 6. Bh4 {D02: 1 d4 d5 2 Nf3 sidelines, including 2...Nf6 3 g3 and 2...Nf6 3 Bf4} Be7 7. e3 b6 8. Bd3 Bb7 9. Qb1 c5 {LiveBook: 5 Games} (9... O-O 10. b4 Nh5 11. Bxe7 Qxe7 12. O-O e5 13. Nxe5 Nxe5 14. dxe5 Qxe5 15. Nf3 Qe7 {½-½ (49) Adhiban,B (2682)-Kravtsiv,M (2641) Sharjah 2017}) 10. a4 O-O 11. O-O Qc7 12. b4 c4 $146 ({Predecessor:} 12... cxb4 13. cxb4 Rac8 14. a5 a6 15. Bg3 Bd6 {1-0 (59) Bukal,V (2398)-Babikov,I (2267) Pardubice 2017}) 13. Bc2 Bd6 14. Bg3 (14. a5 $11) 14... Bxg3 $15 15. hxg3 Rfe8 16. b5 e5 {[%cal Be6e5,Be5e4][%mdl 32]} 17. Qb4 (17. Nxe5 $11 Nxe5 18. dxe5 Qxe5 19. Rc1) 17... e4 $36 {[%mdl 2048] Keeping White busy.} 18. Nh2 a5 19. Qa3 Nf8 20. Rfe1 (20. g4 $17) 20... Bc8 $19 21. Ndf1 h5 22. f3 Bf5 23. Kf2 g6 24. Ra2 Ne6 25. Bd1 {intending g4.} Ng5 26. g4 hxg4 27. f4 Ne6 {And now ...Nxf4! would win.} 28. Kg1 Kg7 29. Ng3 Nh5 30. Nxf5+ gxf5 31. g3 $2 (31. Nf1 {was called for.}) 31... Nxg3 32. Rg2 Nh5 33. Nxg4 fxg4 34. Bxg4 {[#]} Nhxf4 $1 35. exf4 Nxf4 36. Rg3 Rg8 {aiming for ...Ne2+!} 37. Kh2 {[#]} f5 (37... Nh5 $142 $1 {[%mdl 512]} 38. Reg1 (38. Bxh5+ Kh7) 38... Nxg3 39. Rxg3 Kf6 40. Kg2 Qf4 41. Qb2 Rxg4 42. Qf2 Rxg3+ 43. Qxg3 Qxg3+ 44. Kxg3 e3 45. Kf3 Re8 46. Ke2 Kg5 47. Ke1 e2 48. Kf2 e1=Q+ 49. Kf3 Qe2+ 50. Kg3 Re3#) 38. Bxf5+ Kf6 {Black mates.} 39. Bg4 Rh8+ 40. Kg1 {[#]} Ne2+ $1 {[%mdl 512] Precision: White = 32%, Black = 58%.} 0-1